000 00642nam a2200205Ia 4500
005 20260121110002.0
008 008 260114s9999 xx 000 0 hin d
020 _a9788132381471
037 _aEBOOK
040 _aCRL
_bhin
_cCRL
041 _ahin
_2hin
084 _qCRL
100 _aशुभ गोस्वामी / Shubh Goswami
_9940638
245 0 _aउभयचर: एक परिचय / Ubhyachar: Ek Parichay
260 _bभाषा प्रकाशन / Bhasha Prakashan
_c2023
856 _uhttps://bhashaprakashan.com/product-details/436541
942 _cEBOOK
999 _c1532303
_d1532303